000 00710nam a2200241 a 4500
001 ASIN8131788245
005 20170105102414.0
008 150217s xxu eng d
020 _a8131788245 (paperback)
020 _a9788131788240 (paperback)
040 _a0
050 _a629.8 JOH
082 _a629.8 JOH
100 1 _aMalki, Johnson/
245 1 0 _aControl systems technology
_cJohnson/ Malki.
250 _aInternational Edition.
260 _a[S.l.] :
_bPEARSON EDUCATION,
300 _a1 v. (unpaged) ;
_c24 cm.
650 _vProcess control
700 _dHeidar Malki
856 4 0 _3Amazon.com
_uhttp://www.amazon.com/exec/obidos/ASIN/8131788245/chopaconline-20
942 _2ddc
_cBK
999 _c13103
_d13103